Statistics for Walking Dead Seasons 1-7 Trivia

Click here to take the quiz!

General Stats

  • This quiz has been taken 363 times
  • The average score is 12 of 15

Answer Stats

HintAnswer% Correct
In the Hospital S1-EP1Rick
97%
Main characters best friendShane
97%
Black Woman with KatanaMichonne
96%
Originally owned the RVDale
95%
Had C-Section and diedLori
94%
Travelled with Smart Guy in a Fire TruckAbraham
92%
Redneck of the GroupDaryl
92%
Needs his leg cut off to prevent infectionHershel
91%
Intelligent GuyEugene
89%
Shot pregnant woman before she turnedCarl
82%
He decapitates old man with KatanaGovernor
82%
Black man who dies defending other membersT-Dog
75%
Woman who carries Christian CrossCarol
69%
Crew is forced to go in a container in this areaTerminus
58%
Almost kills baby and likes the walkersBeth
15%

Score Distribution

Percentile by Number Answered

Percent of People with Each Score

Your Score History

You have not taken this quiz